000 00413nam a2200181Ia 4500
008 151018s9999 xx 000 0 und d
082 _bRBASDV42935
_a824
100 _aM N Roy
245 _aProblem of Freedom
250 _b1
260 _bRenissance
_c2006
300 _a96
600 _aM N Roy
630 _aProblem of Freedom
700 _aM N Roy
730 _aProblem of Freedom
942 _cBOOK
999 _c1042155
_d1042152